000 00567nam a2200181 a 4500
001 1744
005 20140414131927.0
008 001208s19uu xx 00 eng d
020 _a0-7214-5007-5
050 _aER
_bP93 1979
100 _aSouthgate, Vera
245 _aPrincess and the pea, The /
_cretold for easy reading by Vera Southgate ; illustrated by Robert Ayton.
260 _aLeicestershire, England :
_bLadybird Books,
_c1979.
300 _a51 p. : ill. ; cm.
440 _aWell-loved tales
650 _aChildren's stories - Fiction.
999 _c112070
_d112070